[Event "Cuiaba op (Women)"]
[Site "Cuiaba"]
[Date "2013.05.29"]
[Round "5"]
[White "Pereira, Daiane Krishna Mora"]
[Black "Soares, Aline Carla Araujo"]
[Result "1-0"]
[WhiteElo "1788"]
[BlackElo "1802"]
[PlyCount "101"]
[EventDate "2013.05.27"]
[EventType "swiss"]
[EventRounds "7"]
[EventCountry "BRA"]
[SourceTitle "CBM 154 Extra"]
[Source "ChessBase"]
[SourceDate "2013.06.25"]
[SourceVersion "2"]
[SourceVersionDate "2013.06.25"]
[SourceQuality "1"]

1. e4 e5 2. Nf3 Nc6 3. Bc4 h6 4. 0-0 b6 5. d3 Bb7 6. Nc3 Nge7 7. a3 d6 8. Re1 f5 9. Nd5 Nxd5 10. Bxd5 f4 11. d4 g5 12. Be6 Qe7 13. d5 Nd8 14. Bf5 Rg8 15. h3 h5 16. Nh2 Bc8 17. Qxh5+ Nf7 18. Qd1 Bxf5 19. exf5 Nh6 20. g4 Rh8 21. Kg2 Qh7 22. Nf3 Kf7 23. Nxg5+ Kf6 24. Nxh7+ Rxh7 25. Qd3 Be7 26. Bd2 Rah8 27. Rh1 Nf7 28. Rh2 Ng5 29. Rah1 Kf7 30. f3 Rh4 31. Be1 R4h6 32. h4 Nh7 33. h5 Nf8 34. Bh4 Bxh4 35. Rxh4 Nd7 36. b4 Rg8 37. f6 Nxf6 38. Qf5 a5 39. g5 axb4 40. Kf2 Rgg6 41. gxh6 Rxh6 42. Rg1 bxa3 43. Rhh1 Ke8 44. Rg6 Rxg6 45. hxg6 Nxd5 46. Qe6+ Kd8 47. Qxd5 Kc8 48. Ra1 Kd7 49. Rxa3 Ke7 50. Qf7+ Kd8 51. Ra8# 1-0